000 00384 a2200133 4500
000 nam a22 7a 4500
100 _aमीना, पूर्णमल
110 _aमीना, पूर्णमल
245 _aमानव अधिकार एवं कानून
250 _alatest edition
260 _bParadise
_c2026
264 _bParadise
_c2026
942 _cBK
999 _c395344
_d395344